Pokémon commençant par les lettres I,J,Q,U,W,X,Y et Z (français) - Statistiques

Statistiques générales
  • Ce quiz a été pris 1 339 fois
    515 depuis la dernière actualisation
  • Le résultat moyen est 32 sur 45
Statistiques - réponses
Numéro Pokémon % Correct
718-Z Zygarde
92%
716-X Xerneas
91%
717-Y Yveltal
91%
217-U Ursaring
86%
211-Q Qwilfish
82%
178-X Xatu
82%
901-U Ursaking
80%
320-W Wailmer
79%
321-W Wailord
79%
193-Y Yanma
79%
469-Y Yanmega
79%
201-Z Zarbi
79%
695-I Iguolta
78%
179-W Wattouat
78%
522-Z Zébibron
78%
123-I Insécateur
77%
523-Z Zéblitz
77%
235-Q Queulorior
76%
888-Z Zacian
76%
182-J Joliflor
75%
247-Y Ymphect
75%
889-Z Zamazenta
75%
571-Z Zoroark
75%
570-Z Zorua
75%
202-Q Qulbutoké
73%
385-J Jirachi
72%
263-Z Zigzaton
72%
904-Q Qwilpik
68%
644-Z Zekrom
67%
807-Z Zeraora
67%
206-I Insolourdo
66%
254-J Jungko
66%
871-W Wattapik
66%
893-Z Zarude
66%
1004-Y Yuyu
63%
838-W Wagomine
62%
891-W Wushours
61%
876-W Wimessir
60%
1021-I Ire-Foudre
58%
766-Q Quartermac
58%
611-I Incisache
56%
793-Z Zéroïd
55%
538-J Judokrak
54%
862-I Ixon
52%
940-Z Zapétrel
49%
Aucun quiz correspondant
Distribution des résultats
% des personnes avec chaque résultat
Percentile par nombre de réponses
Votre historique - résultats
Vous n’avez pas pris ce quiz depuis la dernière actualisation